• 首页
  • 本馆介绍
  • 公告通知
  • 最新文献
  • 馆藏检索
  • 电子资源
  • 读者导购
  • 参考咨询
  • 我的图书馆
  • 登录
  • 详细信息显示
  • 放入我的书架
  • 预约/预借图书
  • 作者相关作品
  • 分类相关作品
  • 丛书相关作品
  • 出版社相关作品

书目信息

  • 表格格式
  • 工作单格式
  • 卡片格式
题名:
中国道路与混合所有制经济
    
 
作者: 厉以宁 主编
分册:  
出版信息: 北京   商务印书馆  2014.11
页数: 24,329页
开本: 23cm
丛书名: 中国道路丛书
单 册:
中图分类: F121.24-53
科图分类:
主题词: 中国经济--zhong guo jing ji--混合所有制--文集 , 混合所有制--hun he suo you zhi , 文集--wen ji
电子资源:
ISBN: 978-7-100-10791-4
000 01000nam0 22002771 450
001 0116132759
005 20240909111054.73
010    @a978-7-100-10791-4@dCNY48.80
100    @a20141217d2014 em y0chiy50 ea
101 0  @achi
102    @aCN@b110000
105    @ay z 000yy
200 1  @a中国道路与混合所有制经济@9zhong guo dao lu yu hun he suo you zhi jing ji@f厉以宁主编
210    @a北京@c商务印书馆@d2014.11
215    @a24,329页@d23cm
225 2  @a中国道路丛书@9zhong guo dao lu cong shu
300    @a国家出版基金项目
330    @a本书收录了《新形势下国有企业发展混合所有制经济研究》、《论混合所有制经济中的政府角色》、《混合所有制与企业环境行为》等文章。
461  0 @12001 @a中国道路丛书
606 0  @a中国经济@9zhong guo jing ji@x混合所有制@j文集
606 0  @a混合所有制@9hun he suo you zhi
606 0  @a文集@9wen ji
690    @aF121.24-53@v5
701  0 @a厉以宁@9li yi ning@f(1930.11~)@4主编
801  0 @aCN@bTANGWEI@c20161216
905    @b0953044-8@dF121.24-53@e263@f5
    
    中国道路与混合所有制经济/厉以宁主编 .-北京:商务印书馆,2014.11
    24,329页;23cm.-(中国道路丛书)
    国家出版基金项目
    
    ISBN 978-7-100-10791-4:CNY48.80
    本书收录了《新形势下国有企业发展混合所有制经济研究》、《论混合所有制经济中的政府角色》、《混合所有制与企业环境行为》等文章。
●
相关链接 在E读中查询图书 在五车中查询图书 在当当中查询图书 在豆瓣中查询图书


正题名:中国道路与混合所有制经济     索取号:F121.24-53/263         预约/预借

序号 登录号 条形码 馆藏地/架位号 状态 备注
1 0953044   209530444   第一样本阅览室/ [索取号:F121.24-53/263] 在馆    
2 0953045   209530453   第一借阅区/ [索取号:F121.24-53/263] 在馆    
3 0953046   209530462   第一借阅区/ [索取号:F121.24-53/263] 在馆    
4 0953047   209530471   第一借阅区/ [索取号:F121.24-53/263] 在馆    
5 0953048   209530480   第一借阅区/ [索取号:F121.24-53/263] 在馆    
6 1053545   210535456   第一借阅区/ [索取号:F121.24-53/263] 已借出,限还日期为2034.09.11
借出人:宋晓敏  
 
唐山师范学院图书馆 欢迎您!
大连网信软件有限公司© 版权所有